000 00587nam a2200181Ia 4500
003 GCL
008 140319s9999 xx 000 0 ara d
040 _aGCL /
_cGCL
082 0 4 _a214
_bم د
100 1 _aمحمد الغزالى
245 1 0 _aدستور الوحدة الثقافية بين المسلمين /
_cمحمد الغزالى
260 _a[S.N] :
_bدار الوفاء للطباعة والنشر والتوزيع ،
_c1992
300 _a225 ص
490 _a
650 0 4 _aالفقه الاسلامى
650 0 4 _aالمذاهب الاسلامية
942 _2ddc
_cBK
999 _c53993
_d53993